000 02555nam a2200385 a 4500
001 BRCA_4952
005 20190320204856.0
008 221010c1791----sp-#######---#000-0#----#
041 _aspa
044 _amx
084 _aDOC45
_b.D63
_c1791
245 1 0 _aDocumento firmado por el Rey [Carlos IV]
_cCarlos IV ... [et al.].
260 _aMadrid
_c1791
300 _a[3] fojas
_c30 x 21 cm.
500 _aDocumento firmado en Palacio el 9 de febrero de 1791.
500 _aEl Rey [Carlos IV] de España nombra a Don Mariano Soria para el empleo de Alférez de la Compañía de Don José Aldasoro del Regimiento de Dragones de México y manda al Virrey y Capitán General de Nueva España, de la orden conveniente para que entre en posesión de su cargo, librándole del derecho de Media Anata por este empleo, en virtud de ser meramente militar. Firma el Rey y el Escribano Manuel de Negrete y de la Torre
500 _aContiene los siguientes acuses de notificación: la Contaduría de las Indias de Madrid, 15 de febrero de 1791. Firma de Don Lorenzo de Osóz.-- El Real Tribunal de la Contaduría Mayor y audiencias de Cuentas, 20 de mayo de 1791. Firma de Don Antonio.......?.-- Despacho en la cartera de Tropas y Mesa de Memorias y Alcances de la Contaduría Menor de Cuentas, 20 de mayo de 1791. Firma de Don Pedro María de Montarde.-- Mesa de Guerra de la Contaduría General del Ejército y Real Hacienda de esta Capital, 20 de mayo de 1791. Firma de Don Ramón Gutiérrez del Mazo y José María Martínez del Campo.-- Contaduría de Real Hacienda de esta Ciudad, Puebla 26 de mayo de 1971. Firma de Don Manuel Joset de Gainzar.
500 _a[Real Cédula] Firmada como ´Yo el Rey´.
500 _aEl documento contiene la leyenda DOC. #54.
506 0 _aFondo Reservado. Para su consulta es necesario credencial de usuario y carta de motivos.
546 _aTexto en: Español de finales del siglo XVIII.
600 1 4 _aCarlos
_bIV,
_cRey de España,
_d1748-1819
_xHistoria
_912588
650 1 4 _aDocumentos legales
_vImpreso
_xHistoria
_yCasa de Borbón, 1700
_zEspaña
_912589
651 4 _aMéxico
_xHistoria
_yColonia, 1521-1821
_912461
700 1 _aSoria, Mariano
_912590
700 1 _aAldasoro, José
_912591
700 1 _aNegrete y de la Torre, Manuel de
_912592
700 1 _aOsóz, Lorenzo de
_912593
700 1 _aMontarde, María de
_912594
700 1 _aGutiérrez del Mazo, Ramón
_912595
700 1 _aMartínez del Campo, José
_912596
700 1 _aGainzar, Manuel Joset
_912597
902 _aFDH
942 _2lcc
_cD
999 _c4646
_d4646